BSOP header

The lure of the past : (Record no. 50244)

MARC details
000 -LEADER
fixed length control field 01217nam a22002777a 4500
008 - FIXED-LENGTH DATA ELEMENTS--GENERAL INFORMATION
fixed length control field 210914b ||||| |||| 00| 0 eng d
024 ## - OTHER STANDARD IDENTIFIER
Source of number or code oclc
Standard number or code 48791094
100 ## - MAIN ENTRY--PERSONAL NAME
Personal name Fudge, Sara Jane
245 ## - TITLE STATEMENT
Title The lure of the past :
Remainder of title ancient man's interest in his history with translations of the Neo-Babylonian texts from the Carlos Museum /
Statement of responsibility, etc Sara Jane Fudge.
260 ## - PUBLICATION, DISTRIBUTION, ETC. (IMPRINT)
Place of publication, distribution, etc Ann Arbor, Michigan :
Name of publisher, distributor, etc University Microfilms International,
Date of publication, distribution, etc 2000.
300 ## - PHYSICAL DESCRIPTION
Extent ix, 234 p. :
Other physical details illustrations ;
Dimensions 28 cm
336 ## - CONTENT TYPE
Content Type Term text
337 ## - MEDIA TYPE
Media Type Term unmediated
338 ## - CARRIER TYPE
Carrier Type Term volume
500 ## - GENERAL NOTE
General note Copies available from University Microfilms International, Ann Arbor, Mich.
504 ## - BIBLIOGRAPHY, ETC. NOTE
Bibliography, etc Includes bibliographical references (leaves 211-234).
520 ## - SUMMARY, ETC.
Summary, etc This dissertation presents a study of the antiquarian interests of ancient man from the beginning of history through the Neo-Babylonian Period focusing on how and why man looked to his past...
650 ## - SUBJECT ADDED ENTRY--TOPICAL TERM
Topical term or geographic name as entry element History --
General subdivision Philosophy.
650 ## - SUBJECT ADDED ENTRY--TOPICAL TERM
Topical term or geographic name as entry element Museums --
Form subdivision Academic theses.
650 ## - SUBJECT ADDED ENTRY--TOPICAL TERM
Topical term or geographic name as entry element Museums.
650 ## - SUBJECT ADDED ENTRY--TOPICAL TERM
Topical term or geographic name as entry element History, Ancient.
650 ## - SUBJECT ADDED ENTRY--TOPICAL TERM
Topical term or geographic name as entry element Museums --
Geographic subdivision Mesopotamia.
650 ## - SUBJECT ADDED ENTRY--TOPICAL TERM
Topical term or geographic name as entry element Akkadian language Texts.
650 ## - SUBJECT ADDED ENTRY--TOPICAL TERM
Topical term or geographic name as entry element Cuneiform tablets.
942 ## - ADDED ENTRY ELEMENTS (KOHA)
Source of classification or shelving scheme Library of Congress Classification
Item type Thesis
Holdings
Withdrawn status Lost status Source of classification or shelving scheme Damaged status Not for loan Home library Current library Shelving location Date acquired Source of acquisition Inventory number Total Checkouts Full call number Barcode Date last seen Price effective from Koha item type
    Library of Congress Classification     BSOP Library BSOP Library David Weisberg Collection 09/14/2021 Donated by Dr. David and Oprah Weisberg 46834   THE D16.8 F95 2000 00058657 09/14/2021 09/14/2021 Thesis
BSOP

Biblical Seminary of the Philippines
  All rights Reserved
  © 2024

CONTACT INFORMATION

Biblical Seminary of the Philippines,
  77-B Karuhatan Road, Valenzuela City,
  PHILIPPINES 1441
  Phone: +632 8292-6795 / 8292-6798
  Fax : +632 8292-6675
  Email: library@bsop.edu.ph